Statistics for United States in Different Languages

Click here to take the quiz!

General Stats

  • This quiz has been taken 38 times
    (26 since last reset)
  • The average score is 11 of 16

Answer Stats

United StatesLanguage% Correct
Estados UnidosSpanish
100%
Vereinigte StaatenGerman
92%
stati UnitiItalian
92%
アメリカJapanese
92%
미국Korean
92%
Estados UnidosPortuguese
92%
Ηνωμένες ΠολιτείεςGreek
88%
États-UnisFrench
83%
Verenigde StatenDutch
79%
संयुक्त राज्य अमेरिकाHindi
79%
Сполучені ШтатиUkrainian
71%
Verenigde StateAfrikaans
46%
Vereenegt StaatenLuxembourgish | Luxemborgish
38%
MarekaniSwahili
17%
Qo'shma ShtatlarUzbek
13%
Egyesült ÁllamokMagyar
4%

Score Distribution

Percentile by Number Answered

Percent of People with Each Score

Your Score History

You have not taken this quiz since the last reset